00326pam a2200121 a 4500020000500000041000500005082002800010100001600038245006500054250001100119260005600130300001800186 c h a6.5999999999999996bFOL aFoley, J.D. aComputer Graphics Principles And PracticehTextual Documents a4th ed aNew DelhibPearson Education [Addison Wesley]c2000 aXXIII/1174/PB